| Tag |
First Indicator |
Second Indicator |
Subfields |
| LEADER |
00000cam a2200000 4500 |
| 001 |
in00000099589 |
| 005 |
20150926125629.0 |
| 008 |
750205s1964 eng u |
| 010 |
|
|
|a 64012327
|
| 035 |
|
|
|a (OCoLC)01161498
|
| 035 |
|
|
|9 AAL4010AM
|
| 040 |
|
|
|c BLC
|d TXA
|d UtOrBLW
|
| 049 |
|
|
|a TXAM [Also in] [Sp Coll]
|c 1 [909537]
|c 2 [450972]
|a TXAS
|c 3 [1090759]
|
| 050 |
|
0 |
|a TR140.H39
|b T5
|
| 082 |
0 |
|
|a 778.949978
|
| 100 |
1 |
|
|a Tilden, Freeman,
|d 1883-1980.
|
| 245 |
1 |
0 |
|a Following the Frontier with F. Jay Haynes :
|b pioneer photographer of the old West.
|
| 250 |
|
|
|a [1st ed.].
|
| 264 |
|
1 |
|a New York :
|b Knopf,
|c 1964.
|
| 300 |
|
|
|a xi, 406 vii pages :
|b illustrations, map, portraits ;
|c 26 cm.
|
| 336 |
|
|
|a text
|b txt
|2 rdacontent
|
| 337 |
|
|
|a unmediated
|b n
|2 rdamedia
|
| 338 |
|
|
|a volume
|b nc
|2 rdacarrier
|
| 600 |
1 |
0 |
|a Haynes, F. Jay
|q (Frank Jay),
|d 1853-1921.
|
| 651 |
|
0 |
|a West (U.S.)
|x History
|x Pictorial works.
|
| 999 |
|
|
|a MARS
|
| 999 |
f |
f |
|s eaf168cd-5262-3dc5-836f-12ae7396eaee
|i b01d6d60-f2af-306b-983d-52bfc032d227
|t 0
|
| 952 |
f |
f |
|p noncirc
|a Texas A&M University
|b College Station
|c Cushing Memorial Library & Archives
|d Cushing: Kelsey Americana (Does not check out)
|t 0
|e TR140.H39 T5
|h Library of Congress classification
|i unmediated -- volume
|
| 952 |
f |
f |
|p ric
|a Texas A&M University
|b Rellis Campus
|c Joint Library Facility
|d Remote Storage
|t 0
|e TR140.H39 T5
|h Library of Congress classification
|i unmediated -- volume
|m A14805622684
|
| 952 |
f |
f |
|p noncirc
|a Texas A&M University
|b College Station
|c Cushing Memorial Library & Archives
|d Cushing: Dykes (Does not check out)
|t 0
|e TR140.H39 T5
|h Library of Congress classification
|i unmediated -- volume
|m A14851938358
|
| 998 |
f |
f |
|a TR140.H39 T5
|t 0
|l Remote Storage
|
| 998 |
f |
f |
|a TR140.H39 T5
|t 0
|l Cushing: Dykes (Does not check out)
|
| 998 |
f |
f |
|a TR140.H39 T5
|t 0
|l Cushing: Kelsey Americana (Does not check out)
|